<?xml version="1.0" encoding="UTF-8"?>
<marc:record xmlns:marc="http://www.loc.gov/MARC21/slim">
   <marc:leader>00000nam a2200000 a 4500</marc:leader>
   <marc:datafield ind1="1" ind2=" " tag="100">
      <marc:subfield code="a">Wohlleben, Peter</marc:subfield>
      <marc:subfield code="4">aut</marc:subfield>
      <marc:subfield code="e">Verfasser/-in</marc:subfield>
   </marc:datafield>
   <marc:datafield ind1="1" ind2=" " tag="100">
      <marc:subfield code="a">Kaempfe, Peter</marc:subfield>
   </marc:datafield>
   <marc:datafield ind1="0" ind2="0" tag="245">
      <marc:subfield code="a">Das geheime Band zwischen Mensch und Natur</marc:subfield>
   </marc:datafield>
   <marc:datafield ind1="0" ind2="0" tag="245">
      <marc:subfield code="b">Erstaunliche Erkenntnisse über die 7 Sinne des Menschen, den Herzschlag der Bäume und die Frage, ob Pflanzen ein Bewusstsein haben</marc:subfield>
   </marc:datafield>
   <marc:datafield ind1="0" ind2="0" tag="245">
      <marc:subfield code="c">Peter Wohlleben</marc:subfield>
   </marc:datafield>
   <marc:datafield ind1=" " ind2="1" tag="264">
      <marc:subfield code="a">München</marc:subfield>
      <marc:subfield code="b">Der Hörverlag  in der Verlagsgruppe Random House GmbH</marc:subfield>
      <marc:subfield code="c">2019</marc:subfield>
   </marc:datafield>
   <marc:datafield ind1="1" ind2=" " tag="520">
      <marc:subfield code="a">"In unseren Genen ist das Band zu den grünen Riesen noch intakt", sagt Peter Wohlleben - und tritt in seinem neuen Hörbuch den Beweis an. Die Natur ist dem modernen Menschen nur scheinbar fremd geworden, nach wie vor verbindet ihn ein starkes Band mit ihr. Ein Beispiel? Menschliche Reaktionen auf chemische Botenstoffe der Bäume: Unser Blutdruck ändert sich nachweislich, wenn wir im Wald sind.</marc:subfield>
   </marc:datafield>
   <marc:datafield ind1=" " ind2=" " tag="020">
      <marc:subfield code="a">9783844535242</marc:subfield>
      <marc:subfield code="9">9783844535242</marc:subfield>
   </marc:datafield>
   <marc:datafield ind1=" " ind2=" " tag="020">
      <marc:subfield code="a">3844535241</marc:subfield>
      <marc:subfield code="9">3844535241</marc:subfield>
   </marc:datafield>
   <marc:datafield ind1="0" ind2=" " tag="490">
      <marc:subfield code="v">0</marc:subfield>
   </marc:datafield>
   <marc:datafield ind1=" " ind2=" " tag="300">
      <marc:subfield code="a">5 CDs (ca. 6 h  9 min) : + 1 Beiheft ;  MONO ; Gekürzte Lesung</marc:subfield>
   </marc:datafield>
</marc:record>
